Toponymes et gentilices bibliques face à l'histoire /

محفوظ في:

المؤلف الرئيسي: Lipiński, Edward (مؤلف)

التنسيق: كتاب

اللغة: French

منشور في: Leuven : Peeters, 2018.

سلاسل: Orientalia Lovaniensia analecta ; 267.
OLA ; 267.

الموضوعات:

الوسوم: إضافة وسم

لا توجد وسوم, كن أول من يضع وسما على هذه التسجيلة!

رقم الطلب: DS1 .O7 v.267

LEADER 00833namaa2200265 4500
003 OSt
005 20251124073859.0
008 130303s2018 be a 000 0 fre d
020 |a 9789042935389 
040 |c ARCE Library 
050 4 |a DS1 .O7 v.267 
100 1 |a Lipiński, Edward,  |e author  |9 34817 
245 1 0 |a Toponymes et gentilices bibliques face à l'histoire /  |c par Edward Lipiński. 
264 1 |a Leuven :  |b Peeters,  |c 2018. 
300 |a xiv, 253 pages :   |b illustrations (some color) ;   |c 26 cm. 
490 1 |a Orientalia Lovaniensia analecta ;  |v 267. 
490 1 |a OLA ;   |v 267. 
650 0 |a Bible  |x Geography. 
650 0 |a Gentiles in the Bible.  |9 1907 
650 0 |a Names in the Bible. 
830 0 |a Orientalia Lovaniensia analecta ;  |v 267. 
830 0 |a OLA ;   |v 267. 
901 |a reviewed 
942 |c BK  |2 lcc 
999 |c 2767  |d 2767